000 00525nam a2200169Ia 4500
005 20260601193248.0
008 260601s9999||||xx |||||||||||||| ||und||
020 _a978-981-97-3176-3
_qebk
100 _aYunhao Liu
245 0 _aLocation, Localization, and Localizability
250 _aSecond Edition 2024
260 _aHeidelberg, Germany
_bSpringer Nature
_c2024
650 _aComputer Science
700 _aZheng Yang
856 _uhttps://link.springer.com/openurl?genre=book&isbn=978-981-97-3176-3
942 _cEB
_2ddc
999 _c56635
_d56635